000 00786nam a2200253Ia 4500
003 OSt
005 20220926033919.0
006 a|||||r|||| 00| 0
007 ta
008 220923b |||||||| |||| 00| 0 eng d
037 _cGeneral Book
040 _aRTL
_cRTL
_beng
041 _2eng
_aeng
082 _aX.2.N9, N5/TD3
110 _aUnited Nations Industrial Development Organization
_9236254
245 0 _aIndia
_b Towards globalization
260 _aVienna
_bUNIDO
_c1995
300 _axxix, 265p
_ccm.
490 _aIndustrial Development Review Series
650 _aIndia Economic Conditions
_940151
700 _aUnited Nations Industrial Development Organization
_9236255
942 _hX.2.N9, N5/TD3
_cGB
_2CC
999 _c658289
_d658289